31日まである月 -サドンデス- - Statistics

General Stats
  • This quiz has been taken 260 times
  • The average score is 6 of 7
Answers on the Grid
Answers color-coded by a green-red scale on the quiz's grid according to % correct below.
1月
2月
3月
4月
5月
6月
7月
8月
9月
10月
11月
12月
 
Answer Stats
Answer % Correct
31日 1月
96%
31日 3月
95%
31日 7月
94%
31日 5月
93%
31日 10月
89%
31日 12月
89%
31日 8月
89%
No matching quizzes found
Score Distribution
Percent of People with Each Score
Percentile by Number Answered
Your Score History
You have not taken this quiz